000 00890cam a22002895a 4500
001 009045852
003 OSt
005 20201128024236.0
008 971105t1998 maua frbd 001 0 eng d
020 _a0071155422
020 _a9780071155427
040 _aStDuBDS
_dUk
_beng
_cEG-ScBUE
082 0 4 _a330
_222
_bSAM
100 1 _aSamuelson, Paul A.
_q(Paul Anthony),
_d1915-2009.
_927505
245 1 0 _aEconomics /
_cPaul Samuelson, William Nordhaus.
250 _a16th ed., International ed.
260 _aBoston :
_bIrwin McGraw-Hill,
_cc.1998.
300 _axxxvii, 781 p. :
_bill. ;
_c28 cm.
500 _aIncludes glossary.
504 _aIncludes bibliographical references and index.
541 _aDonation from Aida Yehia.
650 7 _aEconomics.
_2BUEsh
_9720
651 _2BUEsh
700 1 _aNordhaus, William D.
830 0 _aInternational student edition.
942 _2ddc
999 _c26094
_d26066